| 000 | 01307nam0a2200325 4500 | ||
|---|---|---|---|
| 001 | RU\NLR\bibl\1238477 | ||
| 005 | 20260406082216.0 | ||
| 010 |
_a978-5-93957-244-6 _9100 |
||
| 021 |
_aRU _b2008-29470 _91627 |
||
| 035 | _a(NLR Aleph) 001224692 | ||
| 090 |
_a160477 _c160477 |
||
| 100 | _a20080607d2008 |||y0rusy50 ca | ||
| 101 | 0 | _arus | |
| 102 | _aRU | ||
| 105 | _ay ||||||||| | ||
| 200 | 1 |
_aРусско-кашгарские отношения в 60-70-х гг. XIX в. _fС.В. Моисеев |
|
| 210 |
_aБарнаул _cАзбука _d2008 |
||
| 215 |
_a235 с. _d21 |
||
| 320 | _aБиблиогр.: с. 190-213, 226-234 | ||
| 607 |
_aРоссия _xВзаимоотношения _yЙэттишар, уйгурское государство _92463311 _3RU\NLR\auth\661463531 |
||
| 607 |
_aЙэттишар, уйгурское государство _xВзаимоотношения _yРоссия _92463309 _3RU\NLR\auth\661463530 |
||
| 686 | _aТ3(5Кит)53-64(2) | ||
| 686 | _aТ3(2)51-64(5Кит) | ||
| 700 | 1 |
_4070 _7ca _8rus _aМоисеев _bС. В. _cканд. ист. наук _gСергей Владимирович _3RU\NLR\AUTH\770276934 _92648901 |
|
| 801 | 0 |
_aRU _bNLR _c20080607 _gRCR |
|
| 801 | 1 |
_aRU _bNLR _c20080607 |
|
| 942 | _cBOOK | ||
| 980 | _aNB | ||